Galileo Galilei (Record no. 1369)

MARC details
000 -LEADER
fixed length control field 00597nam a22002057a 4500
005 - DATE AND TIME OF LATEST TRANSACTION
control field 20230102130920.0
008 - FIXED-LENGTH DATA ELEMENTS--GENERAL INFORMATION
fixed length control field 230102b mx ||||| |||| 00| 0 spa d
050 04 - LIBRARY OF CONGRESS CALL NUMBER
Classification number QB36.G2
Item number W45 1994
100 1# - MAIN ENTRY--PERSONAL NAME
Personal name White, Michael
245 10 - TITLE STATEMENT
Title Galileo Galilei
Statement of responsibility, etc / por Michael White
250 ## - EDITION STATEMENT
Edition statement 1a ed.
260 ## - PUBLICATION, DISTRIBUTION, ETC. (IMPRINT)
Place of publication, distribution, etc México :
Name of publisher, distributor, etc Ediciones Eclipse,
Date of publication, distribution, etc 1994
300 ## - PHYSICAL DESCRIPTION
Extent 64 p. :
Other physical details il. ;
Dimensions 21 cm.
490 0# - SERIES STATEMENT
Series statement Genios de la Humanidad
490 0# - SERIES STATEMENT
Series statement Abril Cinco
504 ## - BIBLIOGRAPHY, ETC. NOTE
Bibliography, etc Incluye bibliografía e índice
600 14 - SUBJECT ADDED ENTRY--PERSONAL NAME
Personal name Galilei, Galileo,
Dates associated with a name 1564-1642
650 #7 - SUBJECT ADDED ENTRY--TOPICAL TERM
Source of heading or term lemb
Topical term or geographic name as entry element Astrónomos italianos
942 ## - ADDED ENTRY ELEMENTS (KOHA)
Source of classification or shelving scheme Biblioteca del Cogreso de los Estados Unidos
Koha item type Libro
Holdings
Estado de pérdida Fuente de clasificación Estado del daño No para préstamo Ubicación permanente Ubicación actual Apartado o colección Fecha de adquisición Edición Área del conocimiento Total Checkouts Clasificación Código de Barras Date last seen Número de copia Costo por reposición Tipo de recurso
  Biblioteca del Cogreso de los Estados Unidos     Biblioteca de la Unidad de Ciencias Ingeniería y Humanidades Biblioteca de la Unidad de Ciencias Ingeniería y Humanidades General 02/01/2023 1a ed. Ciencias Naturales y Exactas   QB36.G2 W45 1994 BCU000021069 02/01/2023 1 1.00 Libro